Library of the University of Algiers 3
Ibrahim Sultan Cheibout
شعار جامعة الجزائر 3
مكتبة جامعة الجزائر 3
إبراهيم سلطان شيبوط

Lettre aux Français / (رقم التسجيلة. 34054)

تفاصيل مارك
000 -LEADER
fixed length control field 00344nam a2200157Ia 4500
003 - CONTROL NUMBER IDENTIFIER
control field Ost
005 - DATE AND TIME OF LATEST TRANSACTION
control field 20260225132549.0
008 - FIXED-LENGTH DATA ELEMENTS--GENERAL INFORMATION
fixed length control field 260225s9999||||xx |||||||||||||| ||und||
040 ## - CATALOGING SOURCE
Transcribing agency fsic
041 ## - LANGUAGE CODE
Language code of text/sound track or separate title fre
082 ## - DEWEY DECIMAL CLASSIFICATION NUMBER
Classification number 440
100 ## - MAIN ENTRY--PERSONAL NAME
Personal name Abed elkader
Relator term Auteur
245 #0 - TITLE STATEMENT
Title Lettre aux Français /
245 #0 - TITLE STATEMENT
Statement of responsibility, etc. Abed elkader
942 ## - ADDED ENTRY ELEMENTS (KOHA)
Koha item type كتب
المقتنيات
Withdrawn status Lost status Source of classification or shelving scheme Damaged status Not for loan Home library Current library Date acquired Serial enumeration / chronology Inventory number Total checkouts Full call number Barcode Date last seen Price effective from Koha item type
    Dewey Decimal Classification   NOT LOAN / إعارة داخلية مكتبة كلية علوم الإعلام والاتصال مكتبة كلية علوم الإعلام والاتصال 25/02/2026 Salle de prêt J36251   FJ1777/1 J36251 25/02/2026 25/02/2026 كتب
    Dewey Decimal Classification   Available مكتبة كلية علوم الإعلام والاتصال مكتبة كلية علوم الإعلام والاتصال 25/02/2026 Salle de prêt J36252   FJ1777/2 J36252 25/02/2026 25/02/2026 كتب
    Dewey Decimal Classification   Available مكتبة كلية علوم الإعلام والاتصال مكتبة كلية علوم الإعلام والاتصال 25/02/2026 Salle de prêt J36253   FJ1777/3 J36253 25/02/2026 25/02/2026 كتب

موارد الويب المفتوحة


© University of Algiers 3 All Rights Reserved
|
Implemented by LECHELAH Riad